| 000 | 01397cam a2200385 a 4500 | ||
|---|---|---|---|
| 999 |
_c26616 _d26616 |
||
| 001 | 3807822 | ||
| 005 | 20170206082359.0 | ||
| 008 | 870901s1986 caua b 001 0 eng | ||
| 010 | _a 85080880 | ||
| 020 | _a0935363009 | ||
| 043 | _an-us-ca | ||
| 050 | 0 | 0 | _aNK4892.5 .F37F38 1986 |
| 100 | 1 | _aFarago, Stephanie. | |
| 245 | 1 | 4 |
_aThe magic & romance of art dolls / _ctext, illustration, and design by Stephanie Farago ; photography by Bob Dennison. |
| 250 | _a1st ed. | ||
| 260 |
_aLos Angeles, Calif. : _bFarago Publications, _c1986. |
||
| 300 |
_a222 p. : _bill. ; _c32 cm. |
||
| 500 | _a"Additional acknowledgements" (1 sheet ; 14 x 11 cm.) inserted. | ||
| 500 | _aIncludes index. | ||
| 504 | _aBibliography: p. 222. | ||
| 600 | 1 | 0 |
_aFarago, Stephanie _xArt collections. |
| 600 | 1 | 0 |
_aFarago, Fred _xArt collections. |
| 650 | 0 |
_aDolls _xHistory _y20th century. |
|
| 650 | 0 |
_aDolls _xPrivate collections _zCalifornia. |
|
| 700 | 1 | _aDennison, Bob. | |
| 740 | 0 | _aMagic and romance of art dolls. | |
| 740 | 0 | _aArt dolls. | |
| 942 |
_2lcc _cBOOKS |
||